Statistiques concernant Intercommunalités du Gers

Cliquez ici pour prendre le quiz!

Statistiques générales

  • Ce quiz a été pris 10 fois
  • Le résultat moyen est 5 sur 15

Statistiques - réponses

Nombres de CommunesIntercommunalités% Correct
34Communauté d'agglomération Grand Auch Cœur de Gascogne
100%
26Communauté de communes de la Ténarèze
88%
19Communauté de communes Cœur d'Astarac en Gascogne
75%
13Communauté de communes de la Gascogne Toulousaine
63%
43Communauté de communes de la Lomagne gersoise
38%
24Communauté de communes Armagnac Adour
25%
30Communauté de communes des Coteaux Arrats Gimone
25%
26Communauté de communes du Bas-Armagnac
25%
32Communauté de communes du Savès
25%
37Communauté de communes Astarac Arros en Gascogne
13%
41Communauté de communes Bastides de Lomagne
13%
30Communauté de communes Bastides et Vallons du Gers
13%
25Communauté de communes d'Artagnan en Fézensac
13%
25Communauté de communes du Grand Armagnac
0%
45Communauté de communes du Val de Gers
0%

Distribution des résultats

Percentile par nombre de réponses

% des personnes avec chaque résultat

Votre développement - résultats

Vous n’avez pas pris ce quiz